Résultats des candidats à l’élection présidentielle 2017 - Statistiques

Statistiques générales
  • Ce quiz a été pris 114 fois
  • Le résultat moyen est 8 sur 11
Statistiques - réponses
Parti Score Candidat % Correct
En Marche ! 1er tour : 24,01%2nd tour : 66;10% Emmanuel Macron
100%
Front National 1er tour : 21,30%2nd tour : 33,90% Marine Le Pen
99%
La France Insoumise 19,58% Jean-Luc Mélenchon
93%
Les Républicains 20,01% François Fillon
85%
Nouveau Parti Anticapitaliste 1,09% Philippe Poutou
78%
Parti Socialiste 6,36% Benoît Hamon
74%
Debout la France 4,70% Nicolas Dupont-Aignan
69%
Lutte Ouvrière 0,64% Nathalie Arthaud
68%
Résistons ! 1,21% Jean Lassalle
67%
Union Populaire Républicaine 0,92% François Asselineau
56%
Solidarité et Progrès 0,18% Jacques Cheminade
48%
Aucun quiz correspondant
Distribution des résultats
% des personnes avec chaque résultat
Percentile par nombre de réponses
Votre historique - résultats
Vous n’avez pas pris ce quiz